LEADER 01073nam0-2200361---450- 001 990008409640403321 005 20100210104955.0 010 $a88-464-7375-2 035 $a000840964 035 $aFED01000840964 035 $a(Aleph)000840964FED01 035 $a000840964 100 $a20061031d2006----km-y0itay50------ba 101 0 $aita 102 $aIT 105 $aa-------001yy 200 1 $a<>urbanità delle donne$ecreare, faticare, governare ed altro 210 $aMilano,$cFrancoAngeli$dc2006 215 $a273 p.$cill.$d23 cm 225 1 $aCollana di sociologia urbana e rurale$v67 610 0 $aCittà italiane$acondizione femminile 610 0 $aDonne$aPosizione sociale$aCitta$aItalia$a2000-2005 676 $a305.420945$v21$zita 702 1$aMazzette,$bAntonietta 801 0$aIT$bUNINA$gRICA$2UNIMARC 901 $aBK 912 $a990008409640403321 952 $aCollez. 229 (67)$b44096$fFSPBC 952 $aURB.LE B 2171$b15256$fFARBC 959 $aFSPBC 959 $aFARBC 996 $aUrbanità delle donne$9726255 997 $aUNINA LEADER 01184nam2-2200373---450- 001 990002019790203316 005 20090506101019.0 035 $a000201979 035 $aUSA01000201979 035 $a(ALEPH)000201979USA01 035 $a000201979 100 $a20040922d1971----km-y0itay50------ba 101 0 $afre 102 $aFR 105 $ay|||z|||001yy 200 1 $a<> étapes de la décolonisation française$fpar Xavier Yacono 210 $aParis$cPresses universitaires de France$d1971 215 $a127 p.$d18 cm 225 2 $aQue sais-je?$v428 410 0$1001000311637$12001$aQue sais-je?$v, 428 606 0 $aColonie francesi$xStoria$2BNCF 676 $a325.344 700 1$aYACONO,$bXavier$0244915 801 0$aIT$bsalbc$gISBD 912 $a990002019790203316 951 $aVI.4. Coll. 22/ 119(III E 1453)$b44575 L.M.$cVI.4. Coll.$d00166464 959 $aBK 969 $aUMA 979 $aSIAV6$b10$c20040922$lUSA01$h1823 979 $aCOPAT4$b90$c20050412$lUSA01$h1612 979 $aANNAMARIA$b90$c20080626$lUSA01$h1329 979 $aANNAMARIA$b90$c20090506$lUSA01$h1010 996 $aEtapes de la decolonisation francaise$9654869 997 $aUNISA LEADER 01527nam 2200517 a 450 001 996248101103316 005 20221108044435.0 010 $a0-295-95218-0 010 $a0-295-95338-1 024 7 $a2027/heb06248 035 $a(CKB)2660000000000336 035 $a(dli)HEB06248 035 $a(SSID)ssj0000409660 035 $a(PQKBManifestationID)11282180 035 $a(PQKBTitleCode)TC0000409660 035 $a(PQKBWorkID)10347747 035 $a(PQKB)10536359 035 $a(MiU)MIU01000000000000006863003 035 $a(EXLCZ)992660000000000336 100 $a19820526h19741973 uy 0 101 0 $aeng 135 $aurmnummmmuuuu 181 $ctxt 182 $cc 183 $acr 200 10$aHow musical is man?$b[electronic resource] /$fJohn Blacking 205 $a1st paperback ed. 210 $aSeattle $cUniversity of Washington Press$d1974, c1973 215 $a1 online resource (xii, 116 p., [12] p. of plates )$cill., music ; 225 1 $aJohn Danz lectures 300 $aBibliographic Level Mode of Issuance: Monograph 410 0$aJohn Danz lectures. 410 0$aACLS Humanities E-Book. 606 $aMusical ability 606 $aEthnomusicology 615 0$aMusical ability. 615 0$aEthnomusicology. 676 $a780/.1 700 $aBlacking$b John$0446242 712 02$aAmerican Council of Learned Societies. 801 0$bMiU 801 1$bMiU 906 $aBOOK 912 $a996248101103316 996 $aHow musical is man$924117 997 $aUNISA LEADER 03331oas 2201225 a 450 001 9910146525103321 005 20260203110038.0 011 $a1468-2052 035 $a(DE-599)ZDB2188490-0 035 $a(OCoLC)42456136 035 $a(CONSER) 2005263019 035 $a(CKB)954927741853 035 $a(DE-599)2188490-0 035 $a(EXLCZ)99954927741853 100 $a19990929a19889999 sy 101 0 $aeng 135 $aurmnu|||||||| 181 $ctxt$2rdacontent 182 $cc$2rdamedia 183 $acr$2rdacarrier 200 10$aArchives of disease in childhood$iFetal and neonatal edition 210 $a[London] $cBMJ Pub. Group 300 $aRefereed/Peer-reviewed 311 08$a1359-2998 517 3 $aFetal and neonatal edition 517 3 $aADC fetal and neonatal edition 606 $aChildren$xDiseases$vPeriodicals 606 $aInfants$xDiseases$vPeriodicals 606 $aNewborn infants$xDiseases$vPeriodicals 606 $aFetus$xDiseases$vPeriodicals 606 $aInfant, Newborn, Diseases 606 $aFetal Diseases 606 $aPediatrics 606 $aEnfants$xMaladies$vPe?riodiques 606 $aNourrissons$xMaladies$vPe?riodiques 606 $aNouveau-ne?s$xMaladies$vPe?riodiques 606 $aF?tus$xMaladies$vPe?riodiques 606 $aF?tus$xMaladies 606 $aNouveau-ne?s$xMaladies 606 $aPe?diatrie 606 $aChildren$xDiseases$2fast$3(OCoLC)fst00854907 606 $aFetus$xDiseases$2fast$3(OCoLC)fst00923438 606 $aInfants$xDiseases$2fast$3(OCoLC)fst00972126 606 $aNewborn infants$xDiseases$2fast$3(OCoLC)fst01432010 608 $aPeriodical. 608 $aperiodicals.$2aat 608 $aPeriodicals.$2fast 608 $aPeriodicals.$2lcgft 608 $aPe?riodiques.$2rvmgf 615 0$aChildren$xDiseases 615 0$aInfants$xDiseases 615 0$aNewborn infants$xDiseases 615 0$aFetus$xDiseases 615 2$aInfant, Newborn, Diseases. 615 2$aFetal Diseases. 615 22$aPediatrics. 615 6$aEnfants$xMaladies 615 6$aNourrissons$xMaladies 615 6$aNouveau-ne?s$xMaladies 615 6$aF?tus$xMaladies 615 6$aF?tus$xMaladies. 615 6$aNouveau-ne?s$xMaladies. 615 6$aPe?diatrie. 615 7$aChildren$xDiseases. 615 7$aFetus$xDiseases. 615 7$aInfants$xDiseases. 615 7$aNewborn infants$xDiseases. 676 $a618.9201 712 02$aRoyal College of Paediatrics and Child Health 801 0$bF#A 801 1$bF#A 801 2$bOCLCQ 801 2$bMBU 801 2$bTXA 801 2$bFQM 801 2$bOCLCQ 801 2$bBUF 801 2$bOCLCF 801 2$bEUW 801 2$bOCLCQ 801 2$bZ5A 801 2$bOCLCO 801 2$bOCLCA 801 2$bAU@ 801 2$bOCLCO 801 2$bWYU 801 2$bU3W 801 2$bVT2 801 2$bOCLCO 801 2$bOCLCQ 801 2$bOCLCO 801 2$bOCLCQ 801 2$bIOY 801 2$bOCLCL 801 2$bCSU 801 2$bUKMGB 801 2$bLIP 801 2$bXFH 801 2$bOCLCL 801 2$bSFB 801 2$bOCLCQ 906 $aJOURNAL 912 $a9910146525103321 996 $aArchives of disease in childhood$9800299 997 $aUNINA